000 00479nam a2200181 i 4500
001 38904
003 ES-MaACL
007 t|
008 030226q1949 sp ||||1| spa d
100 1 _aCalvo, Lucas.
_933854
245 1 3 _aLa colina de los cerezos /
_cLucas Calvo.
260 _aBarcelona :
_bMateu,
_c[1949?]
300 _a122 p. ;
_c22 cm.
490 1 _aLa hoja perenne
830 0 _aLa hoja perenne
_9181731
852 _aES-MaACL
_jB-1958
_bR.28917
999 _c38904
_d38904